00697nam a22002177a 450000500170000001000130001702000220003003500130005203700160006504000120008108200180009310000220011124500850013326000400021827000630025830000210032150000500034265000440039265000260043670000170046220170124110132.0 aA-688944 c00.00a8170224438 aA-688944 bCen Lib/Ret aDPLbEN a658.4063bSRE aSreenivasan, N.S. aManaging innovation :cby N.S.Sreenivasan [and] V.Narayanabconcepts and tasks / aNew DelhibConcept Publishingc1992 aA/15-16, Commercial Block, Mohan GardenbNew Delhie110059 a159p. c20cm(Hb) aIncludes bibliographical references and index aTechnological innovations -- Management aConcept of Management aNarayana, V.